LEADER 01759nam 2200397Ia 450 001 996395319503316 005 20200824132045.0 035 $a(CKB)4330000000313446 035 $a(EEBO)2240898224 035 $a(OCoLC)ocm11879860e 035 $a(OCoLC)11879860 035 $a(EXLCZ)994330000000313446 100 $a19850403d1641 uy | 101 0 $aeng 135 $aurbn||||a|bb| 200 14$aThe English schoole-master$b[electronic resource] $eteaching all his schollers, of what age soever, the most easie, short and perfect order of distinct reading and true writing our English-tongue that hath ever yet beene knowne or published by any : and further also teacheth a direct course how any unskilfull person may easily both understand any hard English words which they shall in the Scriptures, sermons or elsewhere heare or read ... /$fby Edward Coote .. 205 $a"Perused and approved by publike authority, and now the 19th time imprinted$bwith certaine copies to write by at the end of the booke added" 210 $aLondon $cPrinted by B.A. and T.F. for the Company of Stationers$d1641 215 $a[8], 85, [1] p 300 $aFirst and second books: A short catechisme, prayers, and selected Psalms. 300 $aReproduction of original in Bodleian Library. 330 $aeebo-0014 606 $aReaders (Primary)$vEarly works to 1800 606 $aEnglish language$yEarly modern, 1500-1700 615 0$aReaders (Primary) 615 0$aEnglish language 700 $aCoote$b Edmund$ffl. 1597.$01012997 801 0$bEAA 801 1$bEAA 801 2$bm/c 801 2$bUMI 801 2$bWaOLN 906 $aBOOK 912 $a996395319503316 996 $aThe English schoole-master$92425100 997 $aUNISA LEADER 01774nam 2200349 n 450 001 996391024203316 005 20231109224316.0 035 $a(CKB)4940000000106758 035 $a(EEBO)2240860243 035 $a(UnM)99860435e 035 $a(UnM)99860435 035 $a(EXLCZ)994940000000106758 100 $a19850618d1643 uh | 101 0 $aeng 135 $aurbn#|||a|bb| 200 10$aTwo ordinances of the Lords and Commons assembled in Parliament$b[electronic resource]$ethe one for the speedy raising and levying of money for the maintenance of the army raised by the Parliament, and other great affaires of the Common-wealth, by a weekly assessment upon the cities of London and Westminster, and every county and city of the Kingdome of England, and Dominion of Wales. The other an ordinance of additions to the same. Martii 4. 1642. Ordered by the Lords and Commons, that these ordinances be forthwith printed and published. Hen. Elsynge, Cler. Parl. D. Com 210 $aLondon $cPrinted for Edw. Husbands, and are to be sold at his shop in the Middle Temple$d1643 215 $a[2], 30 p 300 $aAnnotation on Thomason copy: "1642"; the 3 in the imprint date has been crossed out; "ye the 5th is Sunday.". 300 $aReproduction of the original in the British Library. 330 $aeebo-0018 606 $aTaxation$zEngland$xLaw and legislation$vEarly works to 1800 607 $aGreat Britain$xHistory$yCivil War, 1642-1649$vEarly works to 1800 615 0$aTaxation$xLaw and legislation 801 0$bCu-RivES 801 1$bCu-RivES 801 2$bCStRLIN 801 2$bWaOLN 906 $aBOOK 912 $a996391024203316 996 $aTwo ordinances of the Lords and Commons assembled in Parliament$92299709 997 $aUNISA